| 000 | 00517nam a2200193Ia 4500 | ||
|---|---|---|---|
| 005 | 20250610104900.0 | ||
| 008 | 008 250505s9999 xx 000 0 eng d | ||
| 020 | _a9789388548212 | ||
| 040 |
_beng _cILCL |
||
| 041 |
_aeng _2eng |
||
| 084 | _aZ2,315 Q9 | ||
| 100 |
_aPollock, Sir Frederick _9501353 |
||
| 245 | 4 | _aThe Indian Partnership Act | |
| 250 | _a8 | ||
| 260 |
_aHaryana _bLexis Nexis _c2019 |
||
| 300 | _alxxvi,541p. | ||
| 700 | _aMulla,Sir Dinshaw Fardunji | ||
| 942 |
_cTB _2Colon Classification |
||
| 999 |
_c1311932 _d1311932 |
||